Estudio general de suelos del Valle de Tenza, región de Lengupa y municipio de Pesca (Departamento de Boyacá).

Bibliographic Details
Format: Book
Language:Spanish
Published: Bogotá, D.E. : República de Colombia, Instituto Geográfico "Agustín Codazzi", 1977.
Series:República de Colombia, Ministerio de Hacienda y Credito Publico, Instituto Geográfico "Agustín Codazzi", Subdirección Agrológica ; v. 13, no. 12.
Subjects:

MARC

Tag First Indicator Second Indicator Subfields
LEADER 00000cam a2200000 a 4500
001 in00000010265
005 20151006090015.0
008 851231s1977 ck b f00000 spa d
035 |a (OCoLC)12961919 
035 |9 AAA2465AM 
040 |a GIS  |c GIS  |d TXA  |d UtOrBLW 
049 |a TXAM  |c [A09994449] 
050 4 |a S599.3.C72  |b B63 1977 
245 0 0 |a Estudio general de suelos del Valle de Tenza, región de Lengupa y municipio de Pesca (Departamento de Boyacá). 
264 1 |a Bogotá, D.E. :  |b República de Colombia, Instituto Geográfico "Agustín Codazzi",  |c 1977. 
300 |a xiii, 375 pages :  |b maps (2 color) ;  |c 27 cm. 
336 |a text  |b txt  |2 rdacontent 
337 |a unmediated  |b n  |2 rdamedia 
338 |a volume  |b nc  |2 rdacarrier 
490 1 |a Instituto Geográfico "Agustín Codazzi", Subdirección Agrológica ;  |v v. 13, no. 12 
500 |a Two maps on folded leaves in pocket. 
650 0 |a Soils  |z Colombia  |z Boyacá (Department) 
740 0 |a Suelos del Valle de Tenza, región de Lengupa y municipio de Pesca. 
830 0 |a República de Colombia, Ministerio de Hacienda y Credito Publico, Instituto Geográfico "Agustín Codazzi", Subdirección Agrológica ;  |v v. 13, no. 12. 
999 |a MARS 
999 f f |s d58fb7f4-bd26-343f-9e67-934aeab71606  |i 06431a30-29e2-3054-a833-3befde01b91d  |t 0 
952 f f |p ric  |a Texas A&M University  |b Rellis Campus  |c Joint Library Facility  |d Remote Storage  |t 0  |e S599.3.C72 B63 1977  |h Library of Congress classification  |i unmediated -- volume  |m A14809994449 
998 f f |a S599.3.C72 B63 1977  |t 0  |l Remote Storage